000 00642nam a2200193Ia 4500
003 GCL
008 140319s9999 xx 000 0 ara d
040 _aGCL /
_cGCL
082 0 4 _aق
_b962.034
_bع ع
100 1 _aعبدالرحمن الرافعى
245 1 0 _aعصر اسماعيل /
_cعبدالرحمن الرافعى
260 _aالقاهرة :
_bمكتبة النهضة المصرية
300 _a2 مج ؛
_c24 سم
490 _a
650 0 4 _aمصر
650 0 4 _aالاحوال الاجتماعية
650 0 4 _aمصر - تاريخ - العصر الحديث - عصر اسماعيل ( 1863-1879 م )
942 _2ddc
_cBK
999 _c58778
_d58778